000 00518nam a2200169 i 4500
001 34877
003 ES-MaACL
005 20250730063056.0
007 t|
008 030211s1924 sp ||||1| spa d
100 1 _aBoix y Merino, Félix,
_d1858-1932
_929892
245 1 0 _aRetrato ecuestre del Duque de Lerma pintado por Rubens /
_cFélix Boix.
260 _aMadrid :
_b[s.n.,
_c1924] (
_fGráficas Reunidas)
300 _a14 p. ;
_c30 cm.
852 _aES-MaACL
_j1678-F-6
_bR.4799
999 _c34877
_d34877